• 首页
  • 本馆介绍
  • 公告通知
  • 最新文献
  • 馆藏检索
  • 电子资源
  • 读者导购
  • 参考咨询
  • 我的图书馆
  • 登录
  • 详细信息显示
  • 放入我的书架
  • 预约/预借图书
  • 作者相关作品
  • 分类相关作品
  • 丛书相关作品
  • 出版社相关作品

书目信息

  • 表格格式
  • 工作单格式
  • 卡片格式
题名:
我的社会观
    
 
作者: 邓伟志 著
分册:  
出版信息: 北京   人民出版社  2003.03
页数: 534页
开本: 20cm
丛书名:
单 册:
中图分类: C91-53
科图分类:
主题词: 社会学--文集 , 社会学
电子资源:
ISBN: 7-01-003837-6
000 00833nam0 2200253 450
001 073000002530
005 20040411151022.0
010    @a7-01-003837-6@dCNY35.00
100    @a20040411d2003 emky0chiy0110 ea
101 0  @achi
102    @aCN@b110000
105    @ay z 000yy
200 1  @a我的社会观@Awo de she hui guan@f邓伟志著@Fdeng wei zhi zhu
210    @a北京@c人民出版社@d2003.03
215    @a534页@d20cm
330    @a本书设社会稳定与发展、经济与社会、政治与社会、社区研究、社会化问题、社会规范、社会学研究等十八个专栏文章,共计110余篇。
606 0  @a社会学@j文集
606 0  @a社会学
690    @aC91-53@v4
701  0 @a邓伟志@Adeng wei zhi@f(1A38~)@4著
801  2 @aCN@bHX@c20040411
905    @aBZT@dC91-53@e1@f6
906    @dCNY35.00@n0@r1
999    @tC@Awangzhen@a20040411 15:10:19@Iwangzhen@i20040411 15:10:22
    
    我的社会观/邓伟志著.-北京:人民出版社,2003.03
    534页;20cm
    
    
    ISBN 7-01-003837-6:CNY35.00
    本书设社会稳定与发展、经济与社会、政治与社会、社区研究、社会化问题、社会规范、社会学研究等十八个专栏文章,共计110余篇。
●
相关链接 在五车中查询图书 在当当中查询图书 在豆瓣中查询图书


正题名:我的社会观     索取号:C91-53/1         预约/预借

序号 登录号 条形码 馆藏地/架位号 状态 备注
1 0441175   201192921   样本书库/样001架A面4层1列/ [索取号:C91-53/1] 在馆    
2 0441176   201192930   中心书库南/008架B面4层3列/ [索取号:C91-53/1] 在馆    
3 0441177   201192949   中心书库南/008架B面4层3列/ [索取号:C91-53/1] 在馆    
4 0441178   201192958   中心书库南/008架B面4层3列/ [索取号:C91-53/1] 在馆    
5 0441179   201192967   中心书库南/008架B面4层3列/ [索取号:C91-53/1] 在馆    
6 0441180   201192976   中心书库南/008架B面4层3列/ [索取号:C91-53/1] 在馆    
山东省滨州职业学院图书馆 欢迎您!
大连网信软件有限公司© 版权所有